Slabá či príliš dobrá informovanosť? Stanoviská Ministerstva vnútra SR a SLOVES-u k reforme verejnej správy

Bibliographic Details
Format: Article
Language:Slovak
Subjects:

MARC

LEADER 00000nab a2200000 a 4500
001 vtls000572127
003 SK-MaSNL
005 20260426071337.0
008 150501c1996 xo 0 slo
015 |a SNBRB19rr/mm-uuuuu 
035 |a CL0572265 
040 |a SNKBUCL  |b slo  |c SNKBUCL  |e AACR2 
041 0 |a slo 
044 |a xo  |c SK 
080 |a 352/354.071.5(437.6):342.26(437.6):331.881(437.6):354.31(437.6)  |2 1981 
080 |a 342.26(437.6)  |2 1981 
080 |a 331.881(437.6)  |2 1981 
080 |a 354.31(437.6)  |2 1981 
245 0 0 |a Slabá či príliš dobrá informovanosť?  |b Stanoviská Ministerstva vnútra SR a SLOVES-u k reforme verejnej správy 
610 1 7 |a Slovensko.  |b Ministerstvo vnútra  |2 snkbucl  |9 158971 
650 0 7 |a členenie územnosprávne  |2 snkbucl  |9 892054 
650 0 7 |a verejná správa  |2 snkbucl  |9 1538 
650 0 7 |a Slovenský odborový zväz verejnej správy  |2 snkbucl  |9 988631 
651 7 |a Slovensko  |2 snkbucl  |9 14231 
655 7 |a články z novín a časopisov  |2 snkbucl  |9 267496 
773 0 |t Práca  |g Roč. 51, č. 20 (25. 1. 1996), s. 9 
850 |a Slovenská národná knižnica v Martine  |a MTA001 
852 |a SNK  |b KIS3GCP 
958 |a RK 
958 |a SK 
992 |a RBX 
999 |c 2677621  |d 2679551